Reviu l'ambient modernista del Palau Güell amb un concert exclusiu : música d'Isabel Güell = Revive el ambiente modernista del Palau Güell con un concierto exclusivo : música de Isabel Güell = Experience the modernist atmosphere of the Palau Güell with an exlusive concert : music by Isabel Güell Revive el ambiente modernista del Palau Güell con un concierto exclusivo : música de Isabel Güell = Experience the modernist atmosphere of the Palau Güell with an exlusive concert : music by Isabel Güell
Descripción Física:
1 fulletó ; il·lustrat color ; 21 cm
Idioma:
Catalán , Español , English
MARC
| LEADER | 00000nam a22000007a 4500 | ||
|---|---|---|---|
| 001 | 27878 | ||
| 003 | Arxiu | ||
| 005 | 20260324181516.0 | ||
| 008 | 230516b spa||||| |||| 00| 0 cat d | ||
| 017 | |a B 21966-2014 | ||
| 040 | |a agdb |b cat | ||
| 041 | |a cat |a spa |a eng | ||
| 245 | |a Reviu l'ambient modernista del Palau Güell amb un concert exclusiu : música d'Isabel Güell = |b Revive el ambiente modernista del Palau Güell con un concierto exclusivo : música de Isabel Güell = Experience the modernist atmosphere of the Palau Güell with an exlusive concert : music by Isabel Güell | ||
| 260 | |a Barcelona : |b Palau Güell : |b Diputació de Barcelona ; |c 2014 | ||
| 300 | |a 1 fulletó ; |b il·lustrat color ; |c 21 cm | ||
| 610 | 2 | 0 | |9 52964 |a Palau Güell (Barcelona) |x Activitats culturals |
| 650 | 0 | |2 Arxiu |9 44579 |a Concerts (Execució musical) | |
| 710 | 2 | |9 17034 |a Palau Güell (Barcelona) | |
| 710 | 1 | |a Barcelona (Catalunya : Província). |b Diputació |9 52408 | |
| 942 | |2 udc |c ARXIU |n 1 | ||
| 952 | |0 0 |1 0 |2 udc |4 0 |6 FU75102 |7 1 |9 66348 |a Arxiu |b Arxiu |d 2023-05-16 |l 0 |o FU-75-102 |p 27878 |r 2023-05-16 00:00:00 |w 2023-05-16 |y ARXIU | ||
| 999 | |c 83464 |d 83464 | ||